Timing Is Everything : turning your seasons success into maximum opportunities

Bibliographic Details
Main Author: Waitley, Denis
Format: Book
Published: Kuala Lumpur : Castle Book , 1992
Subjects:

MARC

LEADER 00000cam a2200000 7i4500
001 0000018252
002 000019874
005 20000330.0
020 |a 9838970204 
090 0 0 |a 158   |b WAI 
100 1 |a Waitley, Denis 
245 1 0 |a Timing Is Everything :   |b turning your seasons success into maximum opportunities   |c Denis Waitley 
260 |a Kuala Lumpur :   |b Castle Book ,   |c 1992 
300 |a 306p. ;   |c 21cm. 
650 0 0 |a Success 
999 |a 00070142   |b BUKU   |c PINJAMAN   |e PERPUSTAKAAN KOMUNITI PETALING JAYA